000 004670000a22001210004500
090 _aAS
_bSeriadas
245 1 0 _aAspectos morfométricos y teóricos de un embalse tropical de alta montaña
_srepresa La Fe, El Retiro, Colombia
041 0 _aEspañol
700 1 _aRamírez R., John J.
_999786
100 1 _aHernani T., Alejandra
_999787
942 _cARTICULO
773 1 _tRevista de la Academia Colombiana de Ciencias Exactas, Físicas y Naturales
_h101
_q511-518
_d2002
_g26
999 _c15516
_d15516